00446 a2200169 450000100060000002000150000604000220002110000280004324000180007124500130008930000080010236200090011065000260011994200070014595201070015299900170025958672 a8526217372 cAnchieta - Pituba aRamos, Hugo de Carvalho10aInteriorlpor10aInterior a1200 a1991 4aFicção brasileira cBK 00104070a91.1b91.1d2023-11-21l0o869.93 I61i INTp9399/PITr2023-11-21 18:26:33w2023-11-21yBK c58672d58672